Milagros de Nuestra Señora

Gespeichert in:
Bibliographische Detailangaben
1. Verfasser: Berceo, Gonzalo de
Format: Buch
Sprache:Undetermined
Veröffentlicht: Madrid, España Espasa-Calpe 1978
Ausgabe:9 edición
Schlagworte:
Tags: Tag hinzufügen
Keine Tags, Fügen Sie den ersten Tag hinzu!

MARC

LEADER 00000nam a2200000Ia 4500
008 170316s9999 xx 000 0 und d
040 |a cru BVZT 
090 |a 862 B-11m 
100 |a Berceo, Gonzalo de 
245 |a Milagros de Nuestra Señora 
250 |a 9 edición 
260 |a Madrid, España 
260 |b Espasa-Calpe 
260 |c 1978 
300 |a 211 páginas 
650 |a LITERATURA ESPAÑOLA 
999 |c 9511  |d 9511 
942 |c 15 D  |h 862 B-11m  |2 z